IFM Opac

The Institute of Bankers (Record no. 20612)

MARC details
000 -LEADER
fixed length control field 00269nam a22001097a 4500
022 ## - INTERNATIONAL STANDARD SERIAL NUMBER
International Standard Serial Number 0 85297 044 7
082 ## - DEWEY DECIMAL CLASSIFICATION NUMBER
Classification number 332.17 INS
245 ## - TITLE STATEMENT
Title The Institute of Bankers
260 ## - PUBLICATION, DISTRIBUTION, ETC.
Place of publication, distribution, etc. London
Name of publisher, distributor, etc. The Institute of Bankers
Date of publication, distribution, etc. 1978
300 ## - PHYSICAL DESCRIPTION
Extent 102p.
Other physical details Ill. tables. 17cm.
942 ## - ADDED ENTRY ELEMENTS (KOHA)
Koha item type Books
Holdings
Withdrawn status Lost status Damaged status Not for loan Home library Current library Shelving location Date acquired Total Checkouts Full call number Barcode Date last seen Price effective from Koha item type
Withdrawn       IFM Main Campus Library IFM Main Campus Library Archival Collection 09/02/2019   332.17 INS 0000009767 09/02/2019 02/19/2022 Books